BIBLIOTECA PODER JUDICIAL
Portal Judicial TDF

La proyección de los efectos derogatorios de las sanciones de acciones disvaliosas en el derecho privado. En particular, la aplicación en el tiempo de los artículos 99 y 100 de la ley 27.742 / (Registro nro. 5706)

000 -LEADER
fixed length control field 01772nab a22002777a 4500
003 - CONTROL NUMBER IDENTIFIER
control field OSt
005 - DATE AND TIME OF LATEST TRANSACTION
control field 20251230232555.0
008 - FIXED-LENGTH DATA ELEMENTS--GENERAL INFORMATION
fixed length control field 190605e xxu||||| |||| 00| 0 spa d
040 ## - CATALOGING SOURCE
Transcribing agency PJ
100 ## - MAIN ENTRY--PERSONAL NAME
9 (RLIN) 1443
Personal name Confalonieri, Juan Angel (h)
245 13 - TITLE STATEMENT
Title La proyección de los efectos derogatorios de las sanciones de acciones disvaliosas en el derecho privado. En particular, la aplicación en el tiempo de los artículos 99 y 100 de la ley 27.742 /
Statement of responsibility, etc Juan Ángel Confalonieri (h.)
260 ## - PUBLICATION, DISTRIBUTION, ETC. (IMPRINT)
Place of publication, distribution, etc Ciudad Autónoma de Buenos Aires :
Name of publisher, distributor, etc Thomson Reuters La Ley,
Date of publication, distribution, etc 2024.
300 ## - PHYSICAL DESCRIPTION
Extent p. 13-25
500 ## - GENERAL NOTE
General note Cita: TR LALEY AR/DOC/2109/2024<br/><br/>
505 ## - FORMATTED CONTENTS NOTE
Formatted contents note Sumario: I. Introducción.— II. Las reglas del art. 7° del Código Civil y Comercial.— III. Los requisitos para la procedencia de las "indemnizaciones" y de la presunción de temeridad y malicia del empleador en las normas derogadas.— IV. Los argumentos a favor de la aplicación retroactiva —no inmediata— de los arts. 99 y 100 de la ley 27.742.— V. Crítica a la aplicación retroactiva —no inmediata— de los arts. 99 y 100 de la ley 27.742.— VI. Una breve observación a "Correa Baier".— VII. Conclusiones (la casuística).— VIII. Bibliografía.
505 ## - FORMATTED CONTENTS NOTE
Title ¿Te interesa el texto completo? Solicitalo al correo: koha@justierradelfuego.gov.ar
650 #0 - SUBJECT ADDED ENTRY--TOPICAL TERM
9 (RLIN) 1316
Topical term or geographic name as entry element DERECHO LABORAL
650 #0 - SUBJECT ADDED ENTRY--TOPICAL TERM
9 (RLIN) 1323
Topical term or geographic name as entry element CONTRATO DE TRABAJO
650 #0 - SUBJECT ADDED ENTRY--TOPICAL TERM
9 (RLIN) 1803
Topical term or geographic name as entry element RELACIONES LABORALES
650 #0 - SUBJECT ADDED ENTRY--TOPICAL TERM
9 (RLIN) 1382
Topical term or geographic name as entry element INDEMNIZACION
650 #0 - SUBJECT ADDED ENTRY--TOPICAL TERM
9 (RLIN) 2488
Topical term or geographic name as entry element MULTA
650 #0 - SUBJECT ADDED ENTRY--TOPICAL TERM
9 (RLIN) 4428
Topical term or geographic name as entry element RELACIÓN DE DEPENDENCIA
650 #0 - SUBJECT ADDED ENTRY--TOPICAL TERM
9 (RLIN) 4429
Topical term or geographic name as entry element EMPLEO NO REGISTRADO
773 0# - HOST ITEM ENTRY
Host Biblionumber 2711
Host Itemnumber 3168
Place, publisher, and date of publication Ciudad Autónoma de Buenos Aires : Thomson Reuters La Ley, 1999-2002.
Title Revista de derecho del trabajo. Nº 5 - Septiembre 2024
942 ## - ADDED ENTRY ELEMENTS (KOHA)
Source of classification or shelving scheme
Koha item type Analítica Artículo de Revista

No hay ítems disponibles.

12 de Octubre 789 Ushuaia - Tel:  54(02901)441571
Horario de Atención: 8.00 a 17.00 hs. 
bibliotecaush@justierradelfuego.gov.ar
koha@justierradelfuego.gov.ar
Seguinos en nuestras redes @bibliojustdf 

Con tecnología Koha